История религии; О противоречивости современного безрелигиозного мировозрения

Bibliographic Details
Other Authors: Ельчанинов А. В. Александр Викторович, Эрн В. Ф. Владимир Францевич, Флоренский П. А. Павел Александрович, Булгаков С. Н. Сергей Николаевич
Summary:В указанной серии выходило издание 1909 г.
Language:Russian
Published: Москва, Руник, 1991
Edition:Репринтное издание 1909 года
TOC:С. Н. Булгаков, О противоречивости современного безрелигиозного мировозрения;
Series:Народный университет
Серия наук общественно-гуманитарных
Subjects:
Format: Book
KOHA link:https://koha.lib.tpu.ru/cgi-bin/koha/opac-detail.pl?biblionumber=40059

MARC

LEADER 00000nam0a2200000 4500
001 40059
005 20231101210608.0
035 |a (RuTPU)RU\TPU\book\41027 
090 |a 40059 
100 |a 20020422e1991 km y0rusy50 ca 
101 0 |a rus 
102 |a RU 
105 |a y z 000zy 
200 1 |a История религии  |f А. В. Ельчанинов, В. Ф. Эрн, П. А. Флоренский, С. Н. Булгаков 
205 |a Репринтное издание 1909 года 
210 |a Москва  |c Руник  |d 1991 
215 |a 249 с. 
225 1 |a Народный университет 
225 1 |a Серия наук общественно-гуманитарных 
300 |a В указанной серии выходило издание 1909 г. 
320 |a Библиогр. в конце разд. 
464 |t О противоречивости современного безрелигиозного мировозрения  |f С. Н. Булгаков 
610 1 |a религии 
610 1 |a история религии 
610 1 |a первобытная религия 
610 1 |a буддизм 
610 1 |a христианство 
610 1 |a православие 
610 1 |a сектантство 
610 1 |a хлыстовство 
610 1 |a скопчество 
610 1 |a книгоиздательство <<"Польза". В. Антик и Ко>> 
686 |a Э23  |v LBC/SL-A  |2 rubbk 
686 |a Ч611.68  |v LBC/SL-A  |2 rubbk 
701 1 |a Ельчанинов  |b А. В.  |c русский священник  |c протоирей  |f 1881-1934  |g Александр Викторович  |2 stltpush  |3 (RuTPU)RU\TPU\pers\10133 
701 1 |a Эрн  |b В. Ф.  |c русский религиозный философ  |f 1882-1917  |g Владимир Францевич  |2 stltpui  |3 (RuTPU)RU\TPU\pers\648  |9 299 
701 1 |a Флоренский  |b П. А.  |c российский учёный  |c религиозный философ  |c богослов  |f 1882-1937  |g Павел Александрович  |2 stltpush  |3 (RuTPU)RU\TPU\pers\921  |9 406 
701 1 |a Булгаков  |b С. Н.  |c русский богослов, философ, экономист, священник  |f 1871-1944  |g Сергей Николаевич  |2 stltpui  |3 (RuTPU)RU\TPU\pers\1216  |9 540 
801 1 |a RU  |b 63413507  |c 20020422  |g PSBO 
801 2 |a RU  |b 63413507  |c 20220603  |g PSBO 
942 |c BK